Vybrané makroekonomické a mikroekonomické aspekty přímých zahraničních investic realizovaných ve zpracovatelském průmyslu středoevropských transformačních zemí

Makroekonomické aspekty priamych zahraničných investícií realizovaných v transformačných krajinách. Komparácia výkonnosti zahraničných a domácich podnikov. Správanie sa a motivácia zahraničných investorov pôsobicich v priemysle stredoeurópskych transformačných krajín. Niektoré mikroekonomické aspekt...

Descrizione completa

Salvato in:
Dettagli Bibliografici
Autore principale: Sereghyová, Jana
Natura: Capitolo di libro
Lingua:ceco
Soggetti:
Tags: Aggiungi Tag
Nessun Tag, puoi essere il primo ad aggiungerne!!

MARC

LEADER 00000naa a2200000 4500
001 r043111
005 20231003114919.2
041 0 |a cze 
044 |a CZ 
245 1 0 |a Vybrané makroekonomické a mikroekonomické aspekty přímých zahraničních investic realizovaných ve zpracovatelském průmyslu středoevropských transformačních zemí  |c Jana Sereghyová 
520 |a Makroekonomické aspekty priamych zahraničných investícií realizovaných v transformačných krajinách. Komparácia výkonnosti zahraničných a domácich podnikov. Správanie sa a motivácia zahraničných investorov pôsobicich v priemysle stredoeurópskych transformačných krajín. Niektoré mikroekonomické aspekty zahraničných investícií realizovaných v transformačných krajinách. 
610 2 0 |a investície priame zahraničné 
610 2 0 |a makroekonomika 
610 2 0 |a mikroekonomika 
610 2 0 |a výkonnosť 
610 2 0 |a SVE 
610 2 0 |a Česko 
610 2 0 |a Európska únia 
610 2 0 |a podnikanie 
610 2 0 |a kapitál zahraničný 
100 1 |a Sereghyová, Jana